[Event "LTU-ch sf"]
[Site "Kaunas"]
[Date "2024.03.09"]
[Round "6"]
[White "Mickunaite, Agne"]
[Black "Barsciauskas, Gintautas"]
[Result "1-0"]
[WhiteElo "1794"]
[BlackElo "1614"]
[PlyCount "193"]
[EventDate "2024.03.06"]
[EventType "swiss"]
[EventRounds "8"]
[EventCountry "LTU"]
[SourceTitle "CB11_2024"]
[SourceDate "2024.03.13"]
[SourceVersion "1"]
[SourceVersionDate "2024.03.13"]
[SourceQuality "1"]

1. c4 d6 2. Nc3 e5 3. Nf3 Nf6 4. d4 e4 5. Nd2 Bf5 6. e3 c6 7. Be2 Be7 8. 0-0 Bg6 9. f3 d5 10. cxd5 cxd5 11. fxe4 dxe4 12. Nc4 0-0 13. Ne5 Bd6 14. Nxg6 hxg6 15. g3 a6 16. Kg2 Nbd7 17. b3 Nb6 18. Bd2 Rc8 19. a4 Nbd5 20. Nxd5 Nxd5 21. Bc4 Bb8 22. Qg4 Nf6 23. Qe2 Nd5 24. Qg4 Nf6 25. Rxf6 Qxf6 26. Rf1 Qd8 27. Qxe4 Qd7 28. Bb4 Bd6 29. Bxd6 Qxd6 30. Qxb7 Rb8 31. Bxf7+ Kh7 32. Qe4 Rxf7 33. Rxf7 Kg8 34. Re7 Rxb3 35. Qe6+ Qxe6 36. Rxe6 Kf7 37. Rxa6 Rxe3 38. d5 g5 39. Kh3 Re4 40. a5 Rd4 41. Rd6 Ke7 42. Re6+ Kf7 43. Rd6 Ke7 44. Rg6 Rxd5 45. Ra6 Rd4 46. Rg6 Rd5 47. Rxg7+ Kf6 48. Ra7 Kg6 49. Ra6+ Kg7 50. Kg4 Rc5 51. Kh5 Kf7 52. h3 Rd5 53. Ra8 Kg7 54. a6 Ra5 55. Ra7+ Kf6 56. Ra8 Kg7 57. a7 Kh7 58. Kg4 Kg7 59. Kf3 Ra4 60. Ke3 Kh7 61. Kd3 Kg7 62. Kc3 Kh7 63. Kb3 Ra1 64. Kb4 Rb1+ 65. Kc5 Ra1 66. Kd5 Kg7 67. Ke5 Ra5+ 68. Ke6 Ra6+ 69. Kf5 Ra5+ 70. Kg4 Kh7 71. Rf8 Rxa7 72. Kxg5 Kg7 73. Rb8 Ra5+ 74. Kh4 Ra7 75. g4 Ra4 76. Kh5 Ra7 77. Rb5 Rc7 78. h4 Ra7 79. Kg5 Rc7 80. h5 Ra7 81. h6+ Kh7 82. Kh5 Ra8 83. Rb7+ Kh8 84. Rf7 Rb8 85. Kg6 Rb6+ 86. Rf6 Rb8 87. g5 Rg8+ 88. Kf5 Ra8 89. Re6 Rf8+ 90. Kg6 Ra8 91. Kh5 Kh7 92. Re7+ Kh8 93. Re5 Kh7 94. g6+ Kh8 95. h7 Kg7 96. Rf5 Ra1 97. Rf7+ 1-0

[Event "LTU-ch sf"]
[Site "Kaunas"]
[Date "2024.03.07"]
[Round "3"]
[White "Alionyte, Patricija"]
[Black "Barsciauskas, Gintautas"]
[Result "1/2-1/2"]
[WhiteElo "1591"]
[BlackElo "1614"]
[PlyCount "71"]
[EventDate "2024.03.06"]
[EventType "swiss"]
[EventRounds "8"]
[EventCountry "LTU"]
[SourceTitle "CB11_2024"]
[SourceDate "2024.03.13"]
[SourceVersion "1"]
[SourceVersionDate "2024.03.13"]
[SourceQuality "1"]

1. e4 d6 2. d4 Nf6 3. Nc3 e5 4. dxe5 dxe5 5. Qxd8+ Kxd8 6. Bg5 Be6 7. 0-0-0+ Nbd7 8. Nf3 Bd6 9. Nb5 Ke7 10. Bd3 a6 11. Nxd6 cxd6 12. Kb1 b5 13. Nd2 Nc5 14. f3 Rhc8 15. Rc1 h6 16. Bxf6+ Kxf6 17. Be2 Ke7 18. c4 b4 19. b3 a5 20. Kb2 a4 21. Rhd1 Rc7 22. h3 Rca7 23. Ra1 f5 24. Rf1 g5 25. g4 f4 26. Rh1 axb3 27. axb3 Rxa1 28. Rxa1 Rxa1 29. Kxa1 Bf7 30. Kb2 Ne6 31. Kc2 Nd4+ 32. Kd3 Kd7 33. Bd1 Kc6 34. Nb1 Kc5 35. Nd2 h5 36. Nf1 1/2-1/2

[Event "Klaipeda-ch sf"]
[Site "Klaipeda"]
[Date "2022.05.19"]
[Round "6"]
[White "Barsciauskas, Gintautas"]
[Black "Pidluznij, Matvej"]
[Result "0-1"]
[WhiteElo "1475"]
[BlackElo "1296"]
[PlyCount "108"]
[EventDate "2022.05.03"]
[EventType "swiss"]
[EventRounds "8"]
[EventCountry "LTU"]
[SourceTitle "EXT 2023"]
[Source "ChessBase"]
[SourceDate "2022.10.05"]
[SourceVersion "1"]
[SourceVersionDate "2022.10.05"]
[SourceQuality "1"]

1. Nf3 d5 2. c4 c6 3. e3 Nf6 4. Nc3 e6 5. d4 Nbd7 6. Bd3 Bd6 7. 0-0 0-0 8. cxd5 exd5 9. h3 Re8 10. Re1 h6 11. Nd2 Qb6 12. b3 Bb4 13. Bb2 Qa5 14. Qc2 Bd6 15. a3 Qc7 16. b4 Nf8 17. Rac1 Qb8 18. Na4 N8h7 19. Nc5 Ng5 20. Bf5 Nge4 21. Ndxe4 Nxe4 22. Nxe4 Bxf5 23. Nf6+ gxf6 24. Qxf5 Kg7 25. Bc3 Qc8 26. Qh5 Qd7 27. Bd2 Rh8 28. e4 dxe4 29. Rxe4 f5 30. Rh4 Qe6 31. Bf4 Be7 32. Be5+ Bf6 33. Rc5 Kf8 34. Rf4 Bg5 35. Rxf5 b6 36. Bxh8 bxc5 37. Re5 Qc4 38. Rxc5 Qe6 39. Qd1 f6 40. d5 cxd5 41. Rxd5 Re8 42. Kf1 Kg8 43. g3 Qxh3+ 44. Kg1 Kxh8 45. Rd8 Qe6 46. Kg2 f5 47. Rxe8+ Qxe8 48. Qd4+ Kg8 49. Qxa7 Qc6+ 50. Kg1 Qc1+ 51. Kg2 Qc6+ 52. Kg1 Qf3 53. b5 f4 54. a4 fxg3 0-1

[Event "Klaipeda-ch sf"]
[Site "Klaipeda"]
[Date "2022.05.12"]
[Round "4"]
[White "Barsciauskas, Gintautas"]
[Black "Chacatrian, Ruben"]
[Result "1-0"]
[WhiteElo "1475"]
[BlackElo "1159"]
[PlyCount "55"]
[EventDate "2022.05.03"]
[EventType "swiss"]
[EventRounds "8"]
[EventCountry "LTU"]
[SourceTitle "EXT 2023"]
[Source "ChessBase"]
[SourceDate "2022.10.05"]
[SourceVersion "1"]
[SourceVersionDate "2022.10.05"]
[SourceQuality "1"]

1. e4 d6 2. d4 g6 3. f4 Bg7 4. Nf3 Nd7 5. Bd3 c5 6. c3 e5 7. d5 Ngf6 8. fxe5 Nxe5 9. Nxe5 dxe5 10. 0-0 0-0 11. c4 Nh5 12. Nc3 Qh4 13. Be3 b6 14. Qd2 Nf6 15. Bg5 Qg4 16. Bxf6 Bxf6 17. Rxf6 Qh4 18. Raf1 a6 19. Qf2 Qxf2+ 20. R1xf2 Kg7 21. Rxb6 Bd7 22. Bc2 Rfb8 23. Rxb8 Rxb8 24. Ba4 Bg4 25. h3 Bc8 26. Bc6 Bb7 27. Bxb7 Rxb7 28. Na4 1-0

[Event "Klaipeda-ch"]
[Site "Klaipeda"]
[Date "2022.01.22"]
[Round "3"]
[White "Pidluznij, Gleb"]
[Black "Barsciauskas, Gintautas"]
[Result "1-0"]
[WhiteElo "2046"]
[BlackElo "1525"]
[PlyCount "83"]
[EventDate "2022.01.15"]
[EventType "tourn"]
[EventRounds "11"]
[EventCountry "LTU"]
[SourceTitle "EXT 2023"]
[Source "ChessBase"]
[SourceDate "2022.10.05"]
[SourceVersion "1"]
[SourceVersionDate "2022.10.05"]
[SourceQuality "1"]

1. e4 e5 2. Nc3 d6 3. g3 c6 4. Bg2 Nf6 5. d4 Be7 6. Nf3 Nbd7 7. 0-0 0-0 8. h3 Qc7 9. Be3 Re8 10. Re1 Nf8 11. Qd2 Bd7 12. Rad1 b5 13. a3 a5 14. Qd3 b4 15. Nb1 c5 16. dxc5 dxc5 17. Nbd2 Bc6 18. Nh4 Ne6 19. c3 Red8 20. Qc2 Qb7 21. Nf5 Bf8 22. f3 Bb5 23. Bf1 a4 24. Nc4 b3 25. Qf2 Bxc4 26. Bxc4 Rac8 27. Qe2 Nc7 28. Bg5 Qb6 29. Kg2 Rb8 30. Qe3 Ne6 31. Bxf6 gxf6 32. h4 Rxd1 33. Rxd1 Rd8 34. Rd5 Qb8 35. Qd3 Qc7 36. Bb5 Ra8 37. Qc4 Qa5 38. Rd7 Nd8 39. Bc6 Qa6 40. Qxa6 Rxa6 41. Rxd8 Rxc6 42. Ne7+ 1-0

[Event "Klaipeda Sea op-A 17th"]
[Site "Klaipeda"]
[Date "2020.07.25"]
[Round "6"]
[White "Golsta, Madara"]
[Black "Barsciauskas, Gintautas"]
[Result "1-0"]
[WhiteElo "1853"]
[BlackElo "1575"]
[PlyCount "63"]
[EventDate "2020.07.20"]
[EventType "swiss"]
[EventRounds "7"]
[EventCountry "LTU"]
[SourceTitle "CBM 197 Extra"]
[Source "ChessBase"]
[SourceDate "2020.09.30"]
[SourceVersion "1"]
[SourceVersionDate "2020.09.30"]
[SourceQuality "1"]

1. e4 c5 2. Nf3 d6 3. d4 cxd4 4. Nxd4 Nf6 5. Nc3 e5 6. Ndb5 a6 7. Na3 Nc6 8. Bg5 h6 9. Bxf6 gxf6 10. Qh5 b5 11. Nd5 Be6 12. c3 f5 13. Bd3 f4 14. g3 fxg3 15. hxg3 Ra7 16. Nc2 Rg8 17. Qf3 Rg6 18. Nce3 Bg7 19. Nf5 Bxf5 20. exf5 Rg5 21. Be4 Na5 22. Qe3 Qb8 23. f4 Nc4 24. Qf3 exf4 25. gxf4 Ne5 26. fxe5 dxe5 27. Nb4 Qb6 28. 0-0-0 f6 29. Bc6+ Kf8 30. Qd5 Qc7 31. Qe6 Qe7 32. Qc8+ 1-0